Łotwa - podział administracyjny Łotwy (novadsy i miasta Łotwy) - Mapa - Statystyki

Ogólne statystyki
  • Ten quiz został rozwiązany 1 962 razy
    670 od ostatniego zresetowania
  • Średni wynik to 10 z 43
Odpowiedzi na mapie
Odpowiedzi zakodowano w zielono-czerwonej skali na mapie do tego quizu, zgodnie z poniższymi procentami.
 
Statystyki odpowiedzi
Gmina / Stolica Stolica % Poprawnych
Ryga
97%
Dyneburg
63%
Lipawa
53%
Windawa
45%
Windawa
45%
Jełgawa
39%
Jełgawa
39%
Rzeżyca
38%
Rzeżyca
38%
Jurmała
35%
Ogre
27%
Bauska Bowsk
20%
Jēkabpils
20%
Valmiera
20%
Dobele
18%
Kieś
18%
Kurlandia Południowa Grobiņa
18%
Tukums
18%
Valka
18%
Ādaži
17%
Aizkraukle
15%
Ķekava
15%
Kuldyga
15%
Madona
15%
Mārupe
15%
Saldus
15%
Sigulda
15%
Talsi
15%
Górna Dźwina Dyneburg
14%
Krasław
14%
Limbaži
13%
Alūksnē
12%
Balvi
12%
Gulbene
11%
Lucyn
11%
Olaine
11%
Līvāni
9%
Ropaži
9%
Salaspils
9%
Saulkrasti
9%
Smiltene
9%
Preiļi
8%
Varakļāni
7%
Nie znaleziono quizów pasujących do podanych kryteriów
Rozkład punktacji
Procent ludzi z każdym wynikiem
Percentyl według liczby udzielonych odpowiedzi
Twoja historia wyników
Nie rozwiązałeś tego quizu od ostatniego zresetowania